The MIT Encyclopedia of the Cognitive Science
Salvato in:
| Autori principali: | , |
|---|---|
| Natura: | Libro |
| Lingua: | inglese |
| Pubblicazione: |
Cambridge :
The MIT Press,
1999
|
| Tags: |
Nessun Tag, puoi essere il primo ad aggiungerne!!
|
MARC
| LEADER | 00000nam a22000003a 4500 | ||
|---|---|---|---|
| 001 | stu52236 | ||
| 005 | 20190206134346.9 | ||
| 008 | 000224s1999----uk------------------eng-d | ||
| 020 | |a 0-262-23200-6 | ||
| 040 | |a STU |b slo | ||
| 041 | 0 | |a eng | |
| 044 | |a uk | ||
| 080 | |a 519.711.2+611.813/.815(03) | ||
| 100 | 1 | |a Wilson, Robert A. |4 aut | |
| 245 | 1 | |a The MIT Encyclopedia of the Cognitive Science | |
| 260 | |a Cambridge : |b The MIT Press, |c 1999 | ||
| 300 | |a 964 s. Lit.,index | ||
| 700 | 1 | |a Keil, Frank C. |4 aut | |
| 996 | |b C96150 |c C*96150 |l CCXX |s P |a 0 |w stu52236_0001 | ||